|
|
|
|
| LEADER |
01198nam a2200325 a 4500 |
| 001 |
35774 |
| 003 |
BD-DhAAL |
| 005 |
20211129150314.0 |
| 008 |
190918r2002 bg b 001 0 eng d |
| 999 |
|
|
|c 41298
|d 41298
|
| 010 |
|
|
|a 90904931
|
| 020 |
|
|
|a 98481271610
|
| 025 |
|
|
|a B E 6220
|
| 040 |
|
|
|a DLC
|c DLC
|d DLC
|d BD-DhAAL
|
| 043 |
|
|
|a a-bg---
|
| 050 |
0 |
0 |
|a HE560.C5
|b K48 1990
|
| 082 |
|
|
|a 387.10954929
|
| 100 |
1 |
|
|a Khan, Misbahuddin,
|d 1929-
|9 34833
|
| 245 |
1 |
0 |
|a History of the port of Chittagong,
|n 1888-1947 /
|c Misbahuddin Khan.
|
| 260 |
|
|
|a Dhaka, Bangladesh :
|b ICBS,
|c reprinted 2002.
|
| 300 |
|
|
|a 592 pages ;
|c 22 cm.
|
| 500 |
|
|
|a Includes index.
|
| 504 |
|
|
|a Includes bibliographical references.
|
| 505 |
0 |
|
|a v. 1. 1888-1900 -- v. 2. 1888-1947.
|
| 526 |
|
|
|a BIED
|
| 541 |
|
|
|a Complimentary copy from BIED
|e 35774
|
| 650 |
|
0 |
|a Harbors
|z Bangladesh
|z Chittagong
|x History.
|9 34834
|
| 852 |
|
|
|a Ayesha Abed Library
|c BIED Collection
|
| 942 |
|
|
|2 ddc
|c BK
|
| 952 |
|
|
|0 0
|1 0
|2 ddc
|4 0
|6 387_109549290000000_KHA
|7 0
|9 66382
|a BRACUL
|b BRACUL
|c GEN
|d 2019-09-18
|e Complimentary copy from BIED
|l 0
|o 387.10954929 KHA
|p 3010035774
|r 2019-09-18
|t 1
|w 2019-09-18
|y BK
|x Transferred from BIED to General Stacks
|